00347nam a2200109Ia 4500008004100000082000800041100001800049245005500067942000600122952009400128999001500222240331s9999 xx 000 0 und d bCOO aCooray, J.A.L 0aConstitutional and administrative law of Sri Lanka cL 001040708LaWERCLbWERCLcSSCd2024-03-31l0o 40 COOp1893r2024-03-31w2024-03-31yL c2783d2783